000 00445nam a2200169Ia 4500
003 GCL
005 20240530104554.0
008 140319s9999 xx 000 0 ara d
040 _aGCL /
_cGCL
082 0 4 _aد
_b050
100 1 _aامبابى احمد
245 1 0 _aقصة العناصر (اقرا 100 ) /
_cامبابى احمد
300 _a158
490 _aاقرأ
_v0
650 0 4 _aالعناصر الكميائية
942 _2ddc
_cBK
999 _c48803
_d48803